000 00335nam a22001337a 4500
003 LRUA
005 20230516204541.0
008 230516b xxu||||| |||| 00| 0 eng d
040 _cRUA
082 _2PUB ACH 1997 C077 Or.
245 _a ACHIEVING FOOD SESURITY IN SOUTHERN AFRICA
260 _aPhnom Penh
_bRUA
_c1997
942 _2ddc
_cREC
999 _c21335
_d21335